Real life guide to accounting research (Record no. 477378)

MARC details
000 -LEADER
fixed length control field 00914nam a2200265Ia 4500
003 - CONTROL NUMBER IDENTIFIER
control field OSt
005 - DATE AND TIME OF LATEST TRANSACTION
control field 20220925165514.0
008 - FIXED-LENGTH DATA ELEMENTS--GENERAL INFORMATION
fixed length control field 220923b |||||||| |||| 00| 0 eng d
020 ## - INTERNATIONAL STANDARD BOOK NUMBER
International Standard Book Number 9780080489926
037 ## - SOURCE OF ACQUISITION
Terms of availability General Book
040 ## - CATALOGING SOURCE
Original cataloging agency RTL
Transcribing agency RTL
Language of cataloging eng
041 ## - LANGUAGE CODE
Source of code eng
Language code of text/sound track or separate title eng
100 ## - MAIN ENTRY--PERSONAL NAME
Personal name Humphrey Christopher
9 (RLIN) 233607
245 #0 - TITLE STATEMENT
Title Real life guide to accounting research
Remainder of title A behind the scenes view of using qualitatie research methods
260 ## - PUBLICATION, DISTRIBUTION, ETC.
Place of publication, distribution, etc. Amsterdam
Name of publisher, distributor, etc. Elsevier
Date of publication, distribution, etc. 2004
300 ## - PHYSICAL DESCRIPTION
Extent xxx, 539p
Dimensions cm.
500 ## - GENERAL NOTE
General note Bibliography: Chapterwise
650 ## - SUBJECT ADDED ENTRY--TOPICAL TERM
Topical term or geographic name entry element COMMERCE
700 ## - ADDED ENTRY--PERSONAL NAME
Personal name Lee Bill Ed.
9 (RLIN) 233608
942 ## - ADDED ENTRY ELEMENTS (KOHA)
Classification part X:8Fb4, P4
Koha item type General Books
Source of classification or shelving scheme Colon Classification (CC)
Holdings
Withdrawn status Lost status Damaged status Not for loan Home library Current library Date acquired Source of acquisition Cost, normal purchase price Total Checkouts Full call number Barcode Date last seen Cost, replacement price Price effective from Koha item type
        Ratan Tata Library Ratan Tata Library 2022-09-25 106, 08/08/2008, PIONEER BOOK DISTRIBUTORS 1909.22   X:8Fb4 P4 RT1327073 2022-09-25 1909.22 2022-09-25 General Books
Copyright @ Delhi University Library System